000 00498nam a2200181Ia 4500
001 20607
005 20260306172818.0
008 260306t2007||||xx |||||||||||||| ||spa||
041 _aESP
082 _a343.42
_bF62
100 _aFlores Dapkevicius, Ruben
_eAUT
245 0 _aLa expropiación:
_bincluye análisis de casos y la Ley 3.958 actualizada, anotada y concordada
260 _c2007
300 _a253 páginas :
_c22 cm.
650 _aGEN
654 _aCDE
942 _cLIB
_dJUS
_fJUS
_2ddc
_n
999 _c20607
_d20607